Cores dos continentes - Statistics

Estatísticas Gerais
  • Esse quiz foi jogado 96 vezes
  • A pontuação média é 4 de 6
Estatísticas das Respostas
Continente Cor % Correto
América do Sul Verde
94%
Ásia Vermelho (a)
94%
América do Norte Laranja
75%
África Roxo (a)
71%
Oceania Ciano
17%
Europa Azul escuro
6%
Nenhum quiz correspondente encontrado
Distribuição das Pontuações
Porcentagem de Pessoas com Cada Pontuação
Percentil de Números Respondidos
Sua Pontuação Histórica
Você não jogou esse quiz